000 01991nam a2200445Ii 4500
001 DIGVISR0281
003 NyNyDIG
008 170308s2016 sp ob 000 0 spa d
006 m o d
007 cr |||||||||||
035 _a(OCoLC)974846124
040 _aDGITA
_beng
_erda
_epn
_cDGITA
020 _z9788498951745
020 _z8498951747
050 1 4 _aPQ6325.Z5 ebook
082 0 4 _a862.3
100 1 _aGarcía Aguilar, Ignacio,
_eauthor.
245 1 3 _aEl teatro de Miguel de Cervantes /
_cIgnacio García Aguilar, Luis Gómez Canseco, Adrián J. Sáez.
264 1 _aMadrid :
_bVisor Libros,
_c[2016]
300 _a1 online resource.
336 _atext
_2rdacontent
337 _acomputer
_bc
_2rdamedia
338 _aonline resource
_bcr
_2rdacarrier
490 1 _aBiblioteca filológica hispana ;
_v174
504 _aIncludes bibliographical references.
505 0 _aCervantes y el teatro -- Comedias y tragedias -- Los entremeses -- Función en las tablas -- Recepción y crítica -- Textos.
520 _aThis book seeks to offer for the reader a clear and simple image of the plays of Cervantes, generally overlooked by critics, as well as the influence of Cervantes on genre and his comedic contemporaries.
588 0 _aOnline resource; title from PDF title page (Digitalia, viewed March 9, 2017)
600 1 0 _aCervantes Saavedra, Miguel de,
_d1547-1616
_xDramatic works.
655 0 _aElectronic books.
700 1 _aGómez Canseco, Luis María,
_d1963-
_eauthor.
700 1 _aSáez, Adrián J.,
_eauthor.
791 2 _aDigitalia (Firm),
_edistributor.
793 0 _gDigitalia eBook Collection:
_aVisor Libros.
776 0 8 _iPrint version:
_aGarcía Aguilar, Ignacio,
_tTeatro de Miguel de Cervantes
_z9788498951745
_w(DLC) 2016444235
_w(OCoLC)939396250
830 0 _aBiblioteca filológica hispana ;
_v174.
856 4 0 _3Digitalia Hispánica
_uhttps://www.digitaliapublishing.com/a/41225/
910 _aPremium Collection: 2017
942 _cRAA
999 _c246281
_d246281